Medzisektorová spolupráca MVO v rámci spoločenskej zodpovednosti podnikov
Predpoklady možnej kooperácie medzi MVO a podnikmi ziskového sektora. Sociálna a ekologická zaangažovanosť založená na politike SZP. Závery z prieskumu spolupráce s organizáciami tretieho sektora a ostatných sektorov ekonomiky.
Guardado en:
| Autor principal: | |
|---|---|
| Formato: | Capítulo de libro |
| Lenguaje: | eslovaco |
| Materias: | |
| Etiquetas: |
Sin Etiquetas, Sea el primero en etiquetar este registro!
|
MARC
| LEADER | 00000naa$a2200000$$$4500 | ||
|---|---|---|---|
| 001 | 0144427 | ||
| 005 | 20240502072605.5 | ||
| 041 | 0 | |a slo | |
| 044 | |a SK | ||
| 245 | 1 | 0 | |a Medzisektorová spolupráca MVO v rámci spoločenskej zodpovednosti podnikov |c Sylvia Bukovová |
| 520 | |a Predpoklady možnej kooperácie medzi MVO a podnikmi ziskového sektora. Sociálna a ekologická zaangažovanosť založená na politike SZP. Závery z prieskumu spolupráce s organizáciami tretieho sektora a ostatných sektorov ekonomiky. | ||
| 610 | 2 | 0 | |a organizácie hospodárske |
| 610 | 2 | 0 | |a organizácie neziskové |
| 610 | 2 | 0 | |a kooperácia |
| 610 | 2 | 0 | |a stratégia podnikateľská |
| 610 | 2 | 0 | |a podnikanie zodpovedné |
| 610 | 2 | 0 | |a spolupráca podnikov |
| 610 | 2 | 0 | |a prieskum |
| 610 | 2 | 0 | |a zodpovednosť spoločenská |
| 100 | 1 | |a Bukovová, Sylvia, 1959- | |